| 000 | 00839nam a2200181 4500 | ||
|---|---|---|---|
| 008 | 030909s2000 ph ab b 001 0 eng | ||
| 090 |
_aDS688.M2 _bL96m |
||
| 100 | 1 | _aLucman, Norodin Alonto. | |
| 245 | 1 | 0 |
_aMoro archives : _ba history of armed conflicts in Mindanao and East Asia / _cNorodin Alonto Lucman. |
| 246 | 3 | 0 | _aHistory of armed conflicts in Mindanao and East Asia |
| 260 |
_a[Quezon City : _bFLC Press, _c2000] |
||
| 300 |
_a412 p. : _bill., maps ; _c28 cm. |
||
| 504 | _aIncludes bibliographical references (p. 367-369) and index. | ||
| 650 | 4 |
_aMuslims _zPhilippines _zMindanao Island _xPolitical activity. |
|
| 651 | 4 |
_aMindanao Island (Philippines) _xHistory _yAutonomy and independence movements. |
|
| 651 | 4 |
_aPhilippines _xHistory _y20th century. |
|
| 951 |
_p26368 _x00025362 _oDS688.M2/L96m _j070613111310984 _d2000-12-21 _cOS-FIL |
||
| 999 |
_c16909 _d16909 |
||